Véget ért a jutagyári munkások sztrájkja húsz százalék béremelést kaptak a munkások
Elmentve itt :
| Dokumentumtípus: | Cikk |
|---|---|
| Megjelent: |
1939-01-12
|
| Sorozat: | Délmagyarország
15 No. 9 |
| Kulcsszavak: | Textilipar Szeged sztrájk 1939 |
| Online Access: | http://dmarchiv.bibl.u-szeged.hu/50348 |
| LEADER | 00483nab a2200145 i 4500 | ||
|---|---|---|---|
| 001 | delm50348 | ||
| 005 | 20180927134827.0 | ||
| 008 | 180927s1939 hu o 0|| hun d | ||
| 040 | |a SZTE Délmagyarország Archívum |b hun | ||
| 041 | |a hun | ||
| 245 | 0 | 0 | |a Véget ért a jutagyári munkások sztrájkja |h [elektronikus dokumentum] : |b húsz százalék béremelést kaptak a munkások |
| 260 | |c 1939-01-12 | ||
| 300 | |a 5 | ||
| 490 | 0 | |a Délmagyarország |v 15 No. 9 | |
| 695 | |a Textilipar Szeged sztrájk 1939 | ||